| 000 | 00521nam a2200169 i 4500 | ||
|---|---|---|---|
| 001 | 39810 | ||
| 003 | ES-MaACL | ||
| 005 | 20230906160103.0 | ||
| 007 | t| | ||
| 008 | 030304s1960 sp ||||1| spa d | ||
| 100 | 1 |
_aCantero Cuadrado, Pedro. _934652 |
|
| 245 | 1 | 3 |
_aEl ordenamiento jurÃdico de la libertad de prensa / _cMons. Cantero, Obispo de Huelva. |
| 260 |
_aPamplona : _b[s.n., _c1960] |
||
| 300 |
_a47 p. ; _c18 cm. |
||
| 500 | _aPublic. del Estudio General de Navarra. | ||
| 852 |
_aES-MaACL _j2010-F-5 _bR.45858 |
||
| 999 |
_c39810 _d39810 |
||